000 00764nam a2200229Ia 4500
003 CO-CtgCURN
005 20250407175721.0
008 190723s9999 xx 000 0 und d
020 _a9586531511
040 _aCO-CtgCURN
_bspa
_ccoctgcurn
082 _a346.02
_bV145t
100 _aValdes Sanchez, Roberto
245 0 _aLa transaccion :
_bsolucion alternativa de conflictos /
_cRoberto Valdes Sanchez
250 _a2 edición
260 _aBogotá, Colombia :
_bLegis,
_c1998
300 _a310 páginas ;
_c23 centímetros
521 _aAREA PROFESIONAL
590 _aPrograma de Derecho_18
650 _aObligaciones (Derecho)
942 _cBK
_h346.02
_iV145t
_2ddc
_n0
999 _c29149
_d29149